| 000 | 01393nam a2200265Ia 4500 | ||
|---|---|---|---|
| 999 |
_c55049 _d55049 |
||
| 001 | 22124 | ||
| 003 | GE_BSU | ||
| 005 | 20221107115822.0 | ||
| 008 | 181216s ||||ge |||||||||||||| ||geo|| | ||
| 020 | _a9789941233289 | ||
| 040 | _cGE_BSU | ||
| 041 | _ageo | ||
| 080 | _a821.353.1-311.6 ტ-92 | ||
| 100 |
_aტურაშვილი, დათო _91369 |
||
| 245 |
_aიყო და არა იყო რა, 1987-1991 : _b(ისტერიული რომანი) / _cდათო ტურაშვილი ; რედ. ნინო გოგალაძე ; დიზაინერები : ია მახათაძე, თამარ თათელაძე, ლადო ლომსაძე. |
||
| 264 |
_aთბილისი : _bბაკურ სულაკაურის გამ-ბა, _c2016. |
||
| 300 |
_a156 გვ. ; _c19 სმ. |
||
| 541 | _h6ლ.60თ. | ||
| 653 | _aიყო და არა იყო რა, 1987-1991 : (ისტერიული რომანი) | ||
| 653 | _aმხატვრული ლიტერატურა | ||
| 700 |
_aგოგალაძე, ნინო _eრედაქტორი _912334 |
||
| 700 |
_aმახათაძე, ია _eდიზაინერი _95299 |
||
| 700 |
_aთათელაძე, თამარ _eდიზაინერი _914183 |
||
| 942 |
_cBK _2udc |
||